Communication Skills (Record no. 1778)
[ view plain ]
| 000 -LEADER | |
|---|---|
| fixed length control field | 00407nam a2200169Ia 4500 |
| 020 ## - INTERNATIONAL STANDARD BOOK NUMBER | |
| International Standard Book Number | 9966499091 |
| 082 ## - DEWEY DECIMAL CLASSIFICATION NUMBER | |
| Classification number | 658.45 MUC |
| 100 ## - MAIN ENTRY--PERSONAL NAME | |
| Personal name | Muchiri, Mary Nyambura |
| 9 (RLIN) | 5084 |
| 245 ## - TITLE STATEMENT | |
| Title | Communication Skills |
| 260 ## - PUBLICATION, DISTRIBUTION, ETC. | |
| Place of publication, distribution, etc. | Nairobi: |
| 260 ## - PUBLICATION, DISTRIBUTION, ETC. | |
| Name of publisher, distributor, etc. | Longman Kenya |
| 260 ## - PUBLICATION, DISTRIBUTION, ETC. | |
| Date of publication, distribution, etc. | 1993 |
| 300 ## - PHYSICAL DESCRIPTION | |
| Extent | 160 p. |
| Other physical details | :ill. ; 20cm |
| 500 ## - GENERAL NOTE | |
| General note | Includes bibliographies and Index |
| 650 ## - SUBJECT ADDED ENTRY--TOPICAL TERM | |
| Topical term or geographic name entry element | Communication |
| 9 (RLIN) | 2342 |
| 942 ## - ADDED ENTRY ELEMENTS (KOHA) | |
| Koha item type | Books |
| Withdrawn status | Lost status | Source of classification or shelving scheme | Damaged status | Not for loan | Collection code | Home library | Current library | Shelving location | Date acquired | Source of acquisition | Full call number | Barcode | Date last seen | Price effective from | Koha item type | Total Checkouts |
|---|---|---|---|---|---|---|---|---|---|---|---|---|---|---|---|---|
| Dewey Decimal Classification | Non-fiction | IFM Main Campus Library | IFM Main Campus Library | Special Reserve Collection | 09/02/2022 | Purchase | 658.45 MUC | 0000003700 | 05/15/2015 | 02/19/2022 | Books | |||||
| Dewey Decimal Classification | Not For Loan | IFM Main Campus Library | IFM Main Campus Library | 10/23/2015 | 658.45 MUC | 0000003698 | 10/23/2015 | 10/23/2015 | Books | |||||||
| Dewey Decimal Classification | Non-fiction | IFM Main Campus Library | IFM Main Campus Library | Special Reserve Collection | 09/02/2022 | Purchase | 658.45 MUC | 0000003701 | 10/23/2015 | 02/19/2022 | Books | |||||
| Dewey Decimal Classification | Not For Loan | IFM Main Campus Library | IFM Main Campus Library | Special Reserve Collection | 10/23/2015 | 658.45 MUC | 0000003696 | 10/23/2015 | 10/23/2015 | Books | ||||||
| Dewey Decimal Classification | Not For Loan | IFM Main Campus Library | IFM Main Campus Library | 10/23/2015 | 658.45 MUC | 0000025670 | 10/23/2015 | 10/23/2015 | Books | |||||||
| Dewey Decimal Classification | Not For Loan | IFM Simiyu Campus Library | IFM Simiyu Campus Library | Simiyu Campus | 10/23/2015 | 658.45 MUC | 0000015776 | 10/23/2015 | 10/23/2015 | Books |
